| Tag |
First Indicator |
Second Indicator |
Subfields |
| LEADER |
00000pam a2200000 a 4500 |
| 001 |
in00000087250 |
| 005 |
20151008062850.0 |
| 008 |
811005s1982 njua b 00110 eng |
| 010 |
|
|
|a 81017771
|
| 020 |
|
|
|a 013641415X
|
| 035 |
|
|
|a (OCoLC)07925535
|
| 035 |
|
|
|9 AAK1095AM
|
| 039 |
0 |
|
|a 2
|b 3
|c 3
|d 3
|e 3
|
| 040 |
|
|
|a DLC
|c DLC
|d TXA
|d UtOrBLW
|
| 049 |
|
|
|a TXAM
|c [1633198]
|
| 050 |
0 |
0 |
|a HD31
|b J23 1982
|
| 082 |
0 |
|
|a 658
|2 19
|
| 100 |
1 |
|
|a Jackson, John H.
|q (John Harold),
|d 1945-
|
| 245 |
1 |
0 |
|a Organization theory :
|b a macro perspective for management /
|c John H. Jackson, Cyril P. Morgan.
|
| 250 |
|
|
|a 2nd ed.
|
| 264 |
|
1 |
|a Englewood Cliffs, N.J. :
|b Prentice-Hall,
|c [1982]
|
| 264 |
|
4 |
|c ©1982
|
| 300 |
|
|
|a xv, 413 pages :
|b illustrations ;
|c 24 cm.
|
| 336 |
|
|
|a text
|b txt
|2 rdacontent
|
| 337 |
|
|
|a unmediated
|b n
|2 rdamedia
|
| 338 |
|
|
|a volume
|b nc
|2 rdacarrier
|
| 500 |
|
|
|a Includes indexes.
|
| 504 |
|
|
|a Bibliography: pages 396-398.
|
| 650 |
|
0 |
|a Organization.
|
| 700 |
1 |
|
|a Morgan, Cyril P.,
|d 1936-
|
| 999 |
|
|
|a MARS
|
| 999 |
f |
f |
|s 054a364a-6bef-3329-bf1d-8fcb7a8eaa55
|i 01dd348b-6dec-3e06-8121-5b812b37c8cd
|t 0
|
| 952 |
f |
f |
|p ric
|a Texas A&M University
|b Rellis Campus
|c Joint Library Facility
|d Remote Storage
|t 0
|e HD31 J23 1982
|h Library of Congress classification
|i unmediated -- volume
|m A14805982830
|
| 998 |
f |
f |
|a HD31 J23 1982
|t 0
|l Remote Storage
|